Vesnice a města v KCD 2 - Statistics

General Stats
  • This quiz has been taken 16 times
  • The average score is 9 of 23
Answer Stats
Hint Answer % Correct
Kutnohorsko Kutná Hora
100%
Trosecko Hrad Trosky
73%
Trosecko Troskovice
73%
Kutnohorsko Čertovka
64%
Trosecko Semín
64%
Kutnohorsko Suchdol
64%
Trosecko Apolena
55%
Kutnohorsko Malešov
55%
Trosecko Želejov
55%
Trosecko Tachov
45%
Kutnohorsko Grunta
36%
Kutnohorsko Stará Kutna
36%
Trosecko Tvrz Nebákov
36%
Kutnohorsko Bohuňovice
27%
Trosecko Kočovnický tábor
27%
Kutnohorsko Zikmundův tábor
27%
Kutnohorsko Miskovice
18%
Kutnohorsko Opatovice
18%
Kutnohorsko Přítoky
18%
Kutnohorsko Ratboř
18%
Kutnohorsko Bylany
9%
Kutnohorsko Hořany
0%
Kutnohorsko Vysoká
0%
No matching quizzes found
Score Distribution
Percent of People with Each Score
Percentile by Number Answered
Your Score History
You have not taken this quiz